000 00941nam a2200253Ia 4500
003 OSt
005 20221005113258.0
006 a|||||r|||| 00| 0
007 ta
008 221004b |||||||| |||| 00| 0 ger d
020 _a8130202689 (hbk)
_c120
024 _a11889
037 _b835, 20/03/2014, H.K. Prakashan
_cTextual
040 _aCRL
_cCRL
_bger
041 _2ger
_ager
082 _aO113,3M77,SI, 153N9;Q0
100 _aਹੈਸ, ਹਰਮਨl ਰੋਗ਼ਨਰ, ਹਿਲਡਾ, ੳਗ।
_9624497
245 0 _aਸਿਧਾਰਥ
260 _aਪਟਿਆਲਾ
_bਪੰਜਾਬੀ ਯੂਨੀਵਰਸਿਟੀ ਭਾਰਤ
_c2010
300 _a97ਪੰ
_ccm.
650 _aਜਰਮਨ ਸਾਹਿਤ
942 _hO113,3M77,SI, 153N9;Q0
_cTEXL
_2cc
999 _c1027631
_d1027631